01775nam a2200325 450000100030000000300040000300500170000700800410002402000150006504000080008004100130008808200150010110000260011624000320014224501090017425000190028326000330030230000150033552009100035065000250126065000200128565000150130565000130132065000220133365000100135565500120136565500160137770000270139370000290142037OSt20250528074010.0250121b |||||||g |||| 00| 1 eng d a8501060496 bpor hengapor a813bB118f1 aBach, Richard,d1936- aJonathan Livingston Seagull aFernão Capelo Gaivota /cBach, Richard ; Tradução de Ruy Jungmann e Ilustração de Rachel Braga a5° edição aRio de JaneirobRecordc2001 a78 p.bil. aUm dia, enquanto pensava sobre a vida, o ex-piloto da Força Aérea americana Richard Bach escutou uma voz misteriosa que começou a lhe contar a história de uma gaivota que queria voar mais alto e mais rápido. Impressionado com a inexplicável inspiração, Bach escreveu tudo o que ouviu. Ao final, tinha em mãos uma das obras mais populares e importantes das últimas décadas: Fernão Capelo Gaivota , uma aventura emocionante sobre liberdade, que influenciou, motivou e mudou para melhor a vida de milhões de pessoas no mundo todo. Essa é uma história para pessoas que seguem seu coração e fazem suas próprias regras, pessoas que sentem um prazer especial em fazer algo bem, mesmo que apenas para si mesmas, pessoas que sabem que existe mais no mundo do que aquilo que se pode ver - elas estão lá, com Fernão, voando mais alto e mais rápido do que jamais sonharam. 0aLiteratura Americana 0aEspiritualidade 0aFilosofia  0aAnimais  0aAuto Conhecimento 0aFilme 0aRomance 0aFicção  aRuy JungmanneTradutor aRachel BragaeIlustrador